Doc. Ing. Jozef Rekoš, CSc. - päťdesiatročný

Bibliographic Details
Main Author: Vontorčík, Jozef, 1937-2013 (Author)
Format: Article
Language:Slovak
PhysicalDescription:Fot. 1.
Subjects:

MARC

LEADER 00000nab a2200000 a 4500
001 vtls000393143
003 SK-MaSNL
005 20260304021227.0
008 160215c1989 xo 0 slo
015 |a SNBRA19rr/mm-uuuuu 
035 |a CL0393267 
040 |a SNKBUCL  |b slo  |c SNKBUCL  |e AACR2 
041 0 |a slo 
044 |a xo  |c SK 
080 |a 638.1-051  |2 1981 
080 |a 929 Rekoš, Jozef  |2 1981 
100 1 |a Vontorčík, Jozef,  |d 1937-2013  |4 aut  |9 257609 
245 1 0 |a Doc. Ing. Jozef Rekoš, CSc. - päťdesiatročný  |c Jozef Vontorčík ; Jozef Rekoš 
300 |b Fot. 1. 
600 1 7 |a Rekoš, Jozef  |d 1936-  |x profily  |2 snkbucl  |9 1299076 
650 0 7 |a Rekoš, Jozef  |2 snkbucl  |9 1299077 
655 7 |a články zo zborníkov  |2 snkbucl  |9 166140 
773 0 |t Agrikultúra 22  |d Bratislava : Príroda, 1989  |g S. 256-258 
850 |a Slovenská národná knižnica v Martine  |a MTA001 
852 |a SNK  |b KIS3GCP 
958 |a BX 
958 |a RK 
992 |a RZB 
999 |c 2604432  |d 2606362